Social work: a professional journal for the social worker = Maatskaplike werk
| Format: | Electronic Journal |
|---|---|
| Language: | English Afrikaans |
| Published: |
Stellenbosch
Stellenbosch University
[2003?]-
|
| In: | Year: 2003 |
| Online Access: |
Volltext (Frontdoor-Url) Volltext (kostenfrei) |
| Rights Information: | CC BY 4.0 |
| Check availability: | HBZ Gateway |
| Volumes / Articles: | Show volumes/articles. |
| Keywords: |
MARC
| LEADER | 00000cas a2200000 c 4500 | ||
|---|---|---|---|
| 001 | 868292818 | ||
| 003 | DE-627 | ||
| 005 | 20250125101621.0 | ||
| 007 | cr ||||||||||| | ||
| 008 | 160920c20039999sa z| p|o 0 |0eng c | ||
| 016 | 7 | |a 1114148997 |2 DE-101 | |
| 016 | 7 | |a 2868731-0 |2 DE-600 | |
| 022 | |a 2312-7198 | ||
| 024 | 8 | |a DOAJ-975b16acedfe4d3d80e584f5c4c27a75 |q Identnummer | |
| 035 | |a (DE-627)868292818 | ||
| 035 | |a (DE-576)477223273 | ||
| 035 | |a (DE-599)ZDB2868731-0 | ||
| 035 | |a (OCoLC)1368890006 | ||
| 040 | |a DE-627 |b ger |c DE-627 |e rda | ||
| 041 | |a eng |a afr | ||
| 044 | |c XC-ZA | ||
| 082 | 0 | 4 | |a 300 |q DE-600 |
| 084 | |a 2,1 |2 ssgn | ||
| 245 | 0 | 0 | |a Social work |b a professional journal for the social worker = Maatskaplike werk |
| 246 | 3 | 1 | |a Maatskaplike werk |
| 264 | 3 | 1 | |a Stellenbosch |b Stellenbosch University |c [2003?]- |
| 300 | |a Online-Ressource | ||
| 336 | |a Text |b txt |2 rdacontent | ||
| 337 | |a Computermedien |b c |2 rdamedia | ||
| 338 | |a Online-Ressource |b cr |2 rdacarrier | ||
| 362 | 0 | |a Vol 39, no 1 (2003) [?]- | |
| 363 | 0 | 1 | |a 39 |b 1 |i 2003 |
| 500 | |a Gesehen am 20. September 2016 | ||
| 506 | 0 | |a Open Access |e Controlled Vocabulary for Access Rights |f Unrestricted online access |q DOAJ |u http://purl.org/coar/access_right/c_abf2 |2 coarar | |
| 540 | |q DOAJ |a Namensnennung 4.0 International |f CC BY 4.0 |2 cc |u https://creativecommons.org/licenses/by/4.0/ | ||
| 650 | 7 | |8 1.1\x |a Südafrika |0 (DE-627)091393493 |0 (DE-2867)17688-0 |2 stw | |
| 650 | 7 | |8 1.2\x |a Sozialwissenschaft |0 (DE-627)091390621 |0 (DE-2867)16563-4 |2 stw | |
| 655 | 7 | |a Zeitschrift |0 (DE-588)4067488-5 |0 (DE-627)10454466X |0 (DE-576)20917000X |2 gnd-content | |
| 856 | 4 | 0 | |u http://socialwork.journals.ac.za/pub/index |x Verlag |z kostenfrei |7 0 |
| 856 | 4 | 0 | |u https://ezb.ur.de/?2868731-0 |x Frontdoor-Url |7 1 |
| 951 | |a JT | ||
| ELC | |a 1 | ||
| OAS | |a 1 | ||
| ORI | |a SA-MARC-krimdokb001.raw | ||
| SPR | |a 1 |t KRI | ||
